| 000 | 00444nam a2200193Ia 4500 | ||
|---|---|---|---|
| 008 | 240510s9999 xx 000 0 und d | ||
| 020 | _a0000471524115 | ||
| 041 | _aEng | ||
| 082 | _a005.133 | ||
| 082 | _bS53 | ||
| 100 | _aSMITH, J.D. | ||
| 245 | 0 | _aREUSABILITY & SOFTWARE CONSTRUCTION : C & C++ | |
| 260 | _bWILEY | ||
| 260 | _c1990 | ||
| 300 | _a542 p. | ||
| 650 | _aC : C++ : Computer Software : | ||
| 942 | _2ddc | ||
| 942 | _cLBK | ||
| 999 |
_c26403 _d26403 |
||
| 945 |
_a1 _bMadushi Gamage _c1 _dMadushi Gamage |
||